[Event "COL-ch U1800"]
[Site "Villamaria"]
[Date "2019.11.04"]
[Round "7"]
[White "Susunaga Duran, Madelen Fernanda"]
[Black "Andrade, Samuel"]
[Result "1/2-1/2"]
[WhiteElo "1037"]
[BlackElo "1537"]
[PlyCount "61"]
[EventDate "2019.11.01"]
[EventType "swiss"]
[EventRounds "7"]
[EventCountry "COL"]
[SourceTitle "CBM 193 Extra"]
[Source "ChessBase"]
[SourceDate "2020.01.31"]
[SourceVersion "1"]
[SourceVersionDate "2020.01.31"]
[SourceQuality "1"]

1. e4 c5 2. Nf3 d6 3. d4 cxd4 4. Nxd4 Nf6 5. Nc3 g6 6. Bb5+ Bd7 7. Qd3 Bg7 8. Be3 a6 9. Bc4 0-0 10. 0-0 Qc7 11. Rad1 Rc8 12. b3 b5 13. Bd5 Bc6 14. Rc1 b4 15. Bxc6 Nxc6 16. Nce2 Ne5 17. Qd2 Nxe4 18. Qxb4 a5 19. Qe1 Nc3 20. Nxc3 Qxc3 21. Qxc3 Rxc3 22. Rfe1 a4 23. Bd2 Rcc8 24. h3 axb3 25. axb3 Rc5 26. Ra1 Rxa1 27. Rxa1 Nd7 28. c3 e5 29. Ne2 Rb5 30. b4 Rd5 31. Ra2 1/2-1/2